000 00807nam a22002297a 4500
005 20260428201727.0
008 260428b2002 ag ||||| |||| 00| 0 spa d
020 _a9872026610
040 _aAR-Mounm
041 _aspa
041 _apor
245 0 0 _aVoces e imágenes de los jóvenes del Mercosur = Vozes e imagens dos jovens do Mercosul /
_cdiseño y dirección del proyecto, Silvia Bacher ; Organización de los Estados Americanos
260 _aBuenos Aires :
_bas-estudio,
_c2002.
300 _a133 p. :
_bfotos ;
_c30 cm.
650 7 _aEDUCACION
_2unescot
_9319
650 7 _aFOTOGRAFIA
_2unescot
_913963
650 7 _aENSEÑANZA SECUNDARIA
_2unescot
_9642
650 7 _aJOVEN
_2unescot
_92596
650 7 _aFOTOGRAFIAS
_2mpirdes
_9923
651 7 _aAMERICA LATINA
_2unescot
_91049
942 _2ddc
_cLIBRO
999 _c21732
_d21733